42 summers : (Record no. 43024)

MARC details
000 -LEADER
fixed length control field 00663nam a22001937a 4500
005 - DATE AND TIME OF LATEST TRANSACTION
control field 20100823123651.0
010 ## - LCCN (DPL NO)
LC control number ENG-101342
020 ## - INTERNATIONAL STANDARD BOOK NUMBER
Terms of availability 750.00
035 ## - SYSTEM CONTROL NUMBER
System control number EN-84875
037 ## - SOURCE OF ACQUISITION
Source of stock number/acquisition DBAD/PUB
082 ## - DEWEY DECIMAL CLASSIFICATION NUMBER
Classification number 385.0954
100 ## - MAIN ENTRY--PERSONAL NAME
Personal name Jain, Ashok K.
245 ## - TITLE STATEMENT
Title 42 summers :
Remainder of title on board the Indian railways /
Statement of responsibility, etc by Ashok K. Jain
260 ## - PUBLICATION, DISTRIBUTION, ETC. (IMPRINT)
Place of publication, distribution, etc Gurgaon
Name of publisher, distributor, etc Academic Press
Date of publication, distribution, etc 2010
270 ## - ADDRESS
Address 887/5, Patel Nagar
City Gurgaon
Postal code 122001
300 ## - PHYSICAL DESCRIPTION
Extent 359 p. :
Dimensions 24cm (Hb)
Other physical details ill
942 ## - ADDED ENTRY ELEMENTS (KOHA)
Source of classification or shelving scheme Dewey Decimal Classification
Item type English Books
Classification part 385.0954
Call number suffix JAI
Holdings
Withdrawn status Lost status Not for loan Collection code Home library Current library Date acquired Cost, normal purchase price Full call number Barcode Copy number Cost, replacement price Koha item type
    Not For Loan Non-fiction D.B.Act.Division D.B.Act.Division 23/08/2010 750.00 385.0954 JAI EN-84875 1 750.00 English Books

© Delhi Public Library
Hit Counter
free hit counter